[Event "1SM"]
[Site "Sharjah Chess Club"]
[Date "2017.03.28"]
[Round "6.19"]
[White "Oleksiyenko, Mykhaylo"]
[Black "Nitin, S."]
[Result "1-0"]
[BlackElo "2432"]
[WhiteElo "2643"]
[LiveChessVersion "1.4.8"]

1. d4 {[%clk 1:40:55]} Nf6 {[%clk 1:40:26]} 2. c4 {[%clk 1:41:21]} g6
{[%clk 1:40:51]} 3. Nc3 {[%clk 1:41:35]} Bg7 {[%clk 1:41:14]} 4. e4
{[%clk 1:42:01]} d6 {[%clk 1:41:40]} 5. f3 {[%clk 1:42:25]} O-O {[%clk 1:42:03]}
6. Nge2 {[%clk 1:42:50]} c5 {[%clk 1:40:01]} 7. d5 {[%clk 1:43:10]} e6
{[%clk 1:39:55]} 8. Ng3 {[%clk 1:43:36]} exd5 {[%clk 1:39:34]} 9. cxd5
{[%clk 1:44:03]} a6 {[%clk 1:39:02]} 10. a4 {[%clk 1:44:21]} h5 {[%clk 1:39:27]}
11. Bg5 {[%clk 1:44:14]} Qe8 {[%clk 1:37:54]} 12. Bd3 {[%clk 1:39:47]} Nh7
{[%clk 1:36:40]} 13. Bf4 {[%clk 1:39:13]} h4 {[%clk 1:33:10]} 14. Nge2
{[%clk 1:37:21]} Qe7 {[%clk 1:32:50]} 15. O-O {[%clk 1:37:29]} Nd7
{[%clk 1:31:09]} 16. h3 {[%clk 1:36:51]} Ne5 {[%clk 1:29:09]} 17. Bc2
{[%clk 1:37:18]} Rb8 {[%clk 1:22:05]} 18. a5 {[%clk 1:36:48]} b5 {[%clk 1:22:07]}
19. axb6 {[%clk 1:37:04]} Rxb6 {[%clk 1:21:54]} 20. Bc1 {[%clk 1:37:15]} f5
{[%clk 1:13:10]} 21. exf5 {[%clk 1:33:55]} gxf5 {[%clk 0:55:22]} 22. Nf4
{[%clk 1:34:08]} Ng5 {[%clk 0:38:59]} 23. Kh1 {[%clk 1:25:01]} Rb4
{[%clk 0:30:24]} 24. Qe1 {[%clk 1:22:29]} Nh7 {[%clk 0:26:32]} 25. Ne6
{[%clk 1:06:02]} Rf7 {[%clk 0:24:17]} 26. Na2 {[%clk 1:04:36]} Rb8
{[%clk 0:22:40]} 27. Nxg7 {[%clk 1:00:02]} Rxg7 {[%clk 0:22:41]} 28. b4
{[%clk 1:00:08]} c4 {[%clk 0:20:51]} 29. Bb2 {[%clk 0:46:07]} Qg5
{[%clk 0:20:50]} 30. Rg1 {[%clk 0:44:32]} f4 {[%clk 0:20:37]} 31. Bxe5
{[%clk 0:42:23]} dxe5 {[%clk 0:20:49]} 32. Bxh7+ {[%clk 0:41:00]} Kxh7
{[%clk 0:18:11]} 33. Nc3 {[%clk 0:41:08]} Bf5 {[%clk 0:18:09]} 34. Rxa6
{[%clk 0:35:28]} Rxb4 {[%clk 0:18:01]} 35. Ne4 {[%clk 0:29:04]} Bxe4
{[%clk 0:17:18]} 36. Qxb4 {[%clk 0:21:32]} Bxd5 {[%clk 0:17:42]} 37. Qb1+
{[%clk 0:21:57]} Kh8 {[%clk 0:17:33]} 38. Ra5 {[%clk 0:21:18]} e4
{[%clk 0:13:31]} 39. fxe4 {[%clk 0:18:25]} f3 {[%clk 0:13:56]} 40. Qb8+
{[%clk 0:15:46]} Rg8 {[%clk 0:14:20]} 41. Qb2+ {[%clk 0:16:12]} 1-0

[Event "1SM"]
[Site "Sharjah Chess Club"]
[Date "2017.03.28"]
[Round "6.20"]
[White "Bok, Benjamin"]
[Black "Zude, Erik"]
[Result "1-0"]
[BlackElo "2408"]
[WhiteElo "2596"]
[LiveChessVersion "1.4.8"]

1. e4 {[%clk 1:40:55]} e6 {[%clk 1:40:45]} 2. d4 {[%clk 1:40:03]} d5
{[%clk 1:40:57]} 3. Nd2 {[%clk 1:36:52]} Nf6 {[%clk 1:40:49]} 4. e5
{[%clk 1:36:54]} Nfd7 {[%clk 1:41:04]} 5. Bd3 {[%clk 1:37:08]} c5
{[%clk 1:41:17]} 6. c3 {[%clk 1:37:35]} Nc6 {[%clk 1:41:28]} 7. Ne2
{[%clk 1:38:00]} cxd4 {[%clk 1:39:31]} 8. cxd4 {[%clk 1:38:04]} f6
{[%clk 1:39:43]} 9. exf6 {[%clk 1:38:28]} Nxf6 {[%clk 1:39:58]} 10. O-O
{[%clk 1:38:38]} Bd6 {[%clk 1:40:15]} 11. Nf3 {[%clk 1:38:59]} O-O
{[%clk 1:40:31]} 12. Bf4 {[%clk 1:38:13]} Bxf4 {[%clk 1:39:58]} 13. Nxf4
{[%clk 1:38:28]} Ng4 {[%clk 1:40:10]} 14. Qd2 {[%clk 1:17:01]} Qf6
{[%clk 1:39:52]} 15. Ne2 {[%clk 1:07:36]} e5 {[%clk 1:39:13]} 16. dxe5
{[%clk 1:06:56]} Ngxe5 {[%clk 1:38:29]} 17. Nxe5 {[%clk 1:04:11]} Nxe5
{[%clk 1:38:35]} 18. Bc2 {[%clk 0:55:43]} Be6 {[%clk 1:30:44]} 19. Rad1
{[%clk 0:51:56]} Rac8 {[%clk 1:23:10]} 20. Bb3 {[%clk 0:41:06]} Nc4
{[%clk 1:16:45]} 21. Bxc4 {[%clk 0:40:42]} dxc4 {[%clk 1:09:25]} 22. Nc3
{[%clk 0:40:20]} Qg6 {[%clk 0:57:03]} 23. Qe3 {[%clk 0:34:55]} Rce8
{[%clk 0:55:17]} 24. Rd6 {[%clk 0:29:24]} Qf7 {[%clk 0:37:30]} 25. Qxa7
{[%clk 0:28:33]} Bf5 {[%clk 0:37:34]} 26. Qd4 {[%clk 0:28:05]} Bd3
{[%clk 0:37:51]} 27. Ra1 {[%clk 0:22:11]} Re5 {[%clk 0:36:11]} 28. h3
{[%clk 0:14:43]} Rg5 {[%clk 0:35:47]} 29. Rd8 {[%clk 0:11:03]} Qe7
{[%clk 0:35:01]} 30. Rxf8+ {[%clk 0:09:36]} Kxf8 {[%clk 0:35:06]} 31. b3
{[%clk 0:04:48]} b5 {[%clk 0:27:57]} 32. bxc4 {[%clk 0:02:22]} bxc4
{[%clk 0:26:51]} 33. a4 {[%clk 0:02:23]} Ra5 {[%clk 0:23:17]} 34. f3
{[%clk 0:00:39]} h6 {[%clk 0:20:51]} 35. Kf2 {[%clk 0:00:45]} Qg5
{[%clk 0:20:59]} 36. Re1 {[%clk 0:00:37]} Kg8 {[%clk 0:19:00]} 37. h4
{[%clk 0:00:37]} Qf5 {[%clk 0:17:00]} 38. Re7 {[%clk 0:00:35]} Qf8
{[%clk 0:16:53]} 39. Rd7 {[%clk 0:00:43]} Kh7 {[%clk 0:16:44]} 40. Nd5
{[%clk 0:00:32]} Ra6 {[%clk 0:15:43]} 41. Nc3 {[%clk 0:00:31]} Rg6
{[%clk 0:15:03]} 42. Rb7 {[%clk 0:00:32]} Qf5 {[%clk 0:13:23]} 43. Rb5
{[%clk 0:00:39]} Qc8 {[%clk 0:12:43]} 44. h5 {[%clk 0:01:03]} Ra6
{[%clk 0:09:15]} 45. Rd5 {[%clk 0:01:03]} Rf6 {[%clk 0:08:58]} 46. Rd7
{[%clk 0:00:56]} Qc6 {[%clk 0:08:57]} 47. Nd5 {[%clk 0:00:39]} 1-0

[Event "1SM"]
[Site "Sharjah Chess Club"]
[Date "2017.03.28"]
[Round "6.21"]
[White "Sunilduth Lyna, Narayanan"]
[Black "Laxman, R.R."]
[Result "1/2-1/2"]
[BlackElo "2403"]
[WhiteElo "2526"]
[LiveChessVersion "1.4.8"]

1. d4 {[%clk 1:40:56]} Nf6 {[%clk 1:40:47]} 2. c4 {[%clk 1:41:19]} e6
{[%clk 1:41:13]} 3. Nf3 {[%clk 1:41:45]} d5 {[%clk 1:41:35]} 4. Nc3
{[%clk 1:42:09]} Bb4 {[%clk 1:41:57]} 5. cxd5 {[%clk 1:42:33]} exd5
{[%clk 1:42:22]} 6. Bf4 {[%clk 1:42:57]} O-O {[%clk 1:41:30]} 7. Rc1
{[%clk 1:43:16]} c6 {[%clk 1:41:16]} 8. e3 {[%clk 1:43:11]} Qa5 {[%clk 1:32:45]}
9. Nd2 {[%clk 1:21:15]} Bg4 {[%clk 1:26:08]} 10. Qc2 {[%clk 1:10:07]} c5
{[%clk 1:19:48]} 11. dxc5 {[%clk 0:47:35]} Qxc5 {[%clk 1:17:18]} 12. Nb3
{[%clk 0:43:34]} Qe7 {[%clk 1:14:31]} 13. Bd3 {[%clk 0:42:27]} Rc8
{[%clk 1:14:48]} 14. O-O {[%clk 0:42:12]} Bxc3 {[%clk 1:15:13]} 15. bxc3
{[%clk 0:42:33]} Nc6 {[%clk 1:14:35]} 16. Qb2 {[%clk 0:35:30]} Ne5
{[%clk 1:08:42]} 17. Bxe5 {[%clk 0:35:56]} Qxe5 {[%clk 1:09:07]} 18. Nd4
{[%clk 0:36:20]} b6 {[%clk 1:08:57]} 19. c4 {[%clk 0:35:56]} Bd7 {[%clk 1:08:33]}
20. h3 {[%clk 0:30:49]} Ne4 {[%clk 1:04:16]} 21. cxd5 {[%clk 0:30:42]} Qxd5
{[%clk 1:04:29]} 22. Rfd1 {[%clk 0:28:00]} Rxc1 {[%clk 1:04:38]} 23. Rxc1
{[%clk 0:28:22]} Nc5 {[%clk 1:04:25]} 24. Bc4 {[%clk 0:28:42]} Qd6
{[%clk 1:02:48]} 25. Qe2 {[%clk 0:25:16]} Qf6 {[%clk 0:59:38]} 26. Bd5
{[%clk 0:21:02]} Rc8 {[%clk 0:55:43]} 27. Bf3 {[%clk 0:21:26]} g6
{[%clk 0:55:44]} 28. Rc3 {[%clk 0:19:38]} Re8 {[%clk 0:50:25]} 29. Ra3
{[%clk 0:18:09]} a6 {[%clk 0:50:15]} 30. Qc2 {[%clk 0:14:13]} 1/2-1/2

[Event "1SM"]
[Site "Sharjah Chess Club"]
[Date "2017.03.28"]
[Round "6.22"]
[White "Vignesh, N R"]
[Black "Xu, Xiangyu"]
[Result "1/2-1/2"]
[BlackElo "2503"]
[WhiteElo "2405"]
[LiveChessVersion "1.4.8"]

1. d4 {[%clk 1:40:22]} Nf6 {[%clk 1:40:50]} 2. c4 {[%clk 1:40:39]} g6
{[%clk 1:41:07]} 3. Nf3 {[%clk 1:40:46]} Bg7 {[%clk 1:41:29]} 4. g3
{[%clk 1:41:12]} c6 {[%clk 1:41:52]} 5. Bg2 {[%clk 1:41:37]} d5 {[%clk 1:42:16]}
6. cxd5 {[%clk 1:39:07]} cxd5 {[%clk 1:42:37]} 7. Nc3 {[%clk 1:39:30]} Ne4
{[%clk 1:40:55]} 8. Qb3 {[%clk 1:37:24]} Nxc3 {[%clk 1:40:14]} 9. bxc3
{[%clk 1:37:49]} Nc6 {[%clk 1:39:56]} 10. Nd2 {[%clk 1:36:34]} e6
{[%clk 1:24:03]} 11. Ba3 {[%clk 1:32:34]} Na5 {[%clk 1:23:45]} 12. Qb2
{[%clk 1:30:08]} Qb6 {[%clk 0:56:36]} 13. Qxb6 {[%clk 1:23:30]} axb6
{[%clk 0:56:57]} 14. e4 {[%clk 1:21:52]} e5 {[%clk 0:42:58]} 15. exd5
{[%clk 1:06:00]} exd4 {[%clk 0:43:19]} 16. cxd4 {[%clk 1:03:27]} Bxd4
{[%clk 0:40:24]} 17. Rc1 {[%clk 1:03:01]} Bf5 {[%clk 0:40:43]} 18. O-O
{[%clk 0:54:33]} Kd7 {[%clk 0:39:58]} 19. Rfe1 {[%clk 0:42:53]} Rhe8
{[%clk 0:21:10]} 20. Rxe8 {[%clk 0:28:29]} Rxe8 {[%clk 0:21:28]} 21. Bf1
{[%clk 0:26:09]} Re5 {[%clk 0:18:55]} 22. Bb5+ {[%clk 0:18:42]} Kd8
{[%clk 0:19:23]} 23. Nf3 {[%clk 0:18:51]} Rxd5 {[%clk 0:19:49]} 24. Nxd4
{[%clk 0:19:13]} Rxd4 {[%clk 0:20:15]} 25. Bb2 {[%clk 0:19:31]} Rd6
{[%clk 0:20:39]} 26. Be5 {[%clk 0:19:55]} Rc6 {[%clk 0:21:06]} 27. Bxc6
{[%clk 0:19:52]} bxc6 {[%clk 0:21:32]} 28. Bc3 {[%clk 0:18:44]} Nb7
{[%clk 0:21:55]} 29. a4 {[%clk 0:17:51]} c5 {[%clk 0:21:28]} 30. a5
{[%clk 0:15:53]} bxa5 {[%clk 0:10:18]} 31. Ra1 {[%clk 0:16:22]} Kc7
{[%clk 0:10:26]} 32. Bxa5+ {[%clk 0:16:50]} Nxa5 {[%clk 0:10:54]} 33. Rxa5
{[%clk 0:17:18]} Kb6 {[%clk 0:11:24]} 34. Ra8 {[%clk 0:14:35]} c4
{[%clk 0:07:05]} 35. Kf1 {[%clk 0:14:59]} c3 {[%clk 0:05:31]} 36. Ra3
{[%clk 0:14:06]} c2 {[%clk 0:05:57]} 37. Rc3 {[%clk 0:14:31]} g5 {[%clk 0:06:24]}
38. Ke2 {[%clk 0:14:49]} g4 {[%clk 0:05:04]} 39. Ke3 {[%clk 0:12:33]} h5
{[%clk 0:04:44]} 40. f3 {[%clk 0:12:43]} gxf3 {[%clk 0:04:32]} 41. Kxf3
{[%clk 0:13:05]} Kb5 {[%clk 0:03:44]} 42. Ke3 {[%clk 0:13:27]} Bg6
{[%clk 0:02:19]} 43. Kd2 {[%clk 0:12:51]} Kb6 {[%clk 0:02:42]} 44. h4
{[%clk 0:09:01]} Kb5 {[%clk 0:03:09]} 45. Ke3 {[%clk 0:07:09]} Kb6
{[%clk 0:03:30]} 46. Kd4 {[%clk 0:06:31]} Kb5 {[%clk 0:03:48]} 47. Rc4
{[%clk 0:06:39]} Kb6 {[%clk 0:03:13]} 48. Rc5 {[%clk 0:06:33]} Kb7
{[%clk 0:03:37]} 49. Kd5 {[%clk 0:06:12]} Kb6 {[%clk 0:04:04]} 50. Kd4
{[%clk 0:05:24]} Kb7 {[%clk 0:04:31]} 51. Rc3 {[%clk 0:02:05]} Kb6
{[%clk 0:04:55]} 52. Ke3 {[%clk 0:02:26]} Kb5 {[%clk 0:05:19]} 53. Kd2
{[%clk 0:02:52]} Kb4 {[%clk 0:04:45]} 54. Re3 {[%clk 0:02:32]} Kc5
{[%clk 0:03:10]} 55. g4 {[%clk 0:01:18]} Kd4 {[%clk 0:03:36]} 56. Rg3
{[%clk 0:01:43]} hxg4 {[%clk 0:03:46]} 57. Rxg4+ {[%clk 0:02:12]} Ke5
{[%clk 0:01:40]} 58. h5 {[%clk 0:02:41]} Bf5 {[%clk 0:01:41]} 59. h6
{[%clk 0:02:51]} Ke6 {[%clk 0:02:10]} 60. Rg1 {[%clk 0:01:01]} Ke7
{[%clk 0:02:26]} 61. Rg5 {[%clk 0:01:01]} Bd3 {[%clk 0:02:36]} 62. Rg3
{[%clk 0:00:56]} Bf5 {[%clk 0:02:52]} 63. Kc1 {[%clk 0:01:15]} Kf8
{[%clk 0:02:56]} 64. Rg7 {[%clk 0:01:07]} Bg6 {[%clk 0:03:22]} 65. Kd2
{[%clk 0:01:33]} Bf5 {[%clk 0:03:36]} 66. Rg1 {[%clk 0:01:07]} Bg6
{[%clk 0:04:02]} 67. Ke3 {[%clk 0:01:29]} Kg8 {[%clk 0:04:22]} 68. Kd4 1/2-1/2

[Event "1SM"]
[Site "Sharjah Chess Club"]
[Date "2017.03.28"]
[Round "6.23"]
[White "Stany, G.A."]
[Black "Iniyan, P"]
[Result "1-0"]
[BlackElo "2378"]
[WhiteElo "2495"]
[LiveChessVersion "1.4.8"]

1. e4 {[%clk 1:40:54]} c5 {[%clk 1:40:32]} 2. Nf3 {[%clk 1:41:19]} d6
{[%clk 1:40:58]} 3. d4 {[%clk 1:41:46]} cxd4 {[%clk 1:41:23]} 4. Nxd4
{[%clk 1:42:11]} Nf6 {[%clk 1:41:46]} 5. Nc3 {[%clk 1:42:37]} a6 {[%clk 1:42:08]}
6. Be3 {[%clk 1:42:57]} e5 {[%clk 1:41:47]} 7. Nb3 {[%clk 1:42:59]} Be6
{[%clk 1:41:40]} 8. f3 {[%clk 1:42:45]} Be7 {[%clk 1:40:42]} 9. Qd2
{[%clk 1:42:02]} h5 {[%clk 1:39:54]} 10. Be2 {[%clk 1:38:34]} Nbd7
{[%clk 1:39:46]} 11. Nd5 {[%clk 1:38:26]} Nxd5 {[%clk 1:36:25]} 12. exd5
{[%clk 1:38:43]} Bf5 {[%clk 1:36:51]} 13. O-O {[%clk 1:37:29]} Nf6
{[%clk 1:26:19]} 14. Na5 {[%clk 1:33:43]} Qc7 {[%clk 1:22:07]} 15. c4
{[%clk 1:33:56]} b6 {[%clk 1:02:03]} 16. Nc6 {[%clk 1:32:52]} Bf8
{[%clk 1:02:28]} 17. a4 {[%clk 1:25:17]} a5 {[%clk 0:59:21]} 18. b4
{[%clk 1:24:41]} Bd7 {[%clk 0:59:17]} 19. bxa5 {[%clk 1:22:21]} bxa5
{[%clk 0:59:31]} 20. Rab1 {[%clk 1:22:36]} Bxc6 {[%clk 0:59:23]} 21. dxc6
{[%clk 1:23:00]} Be7 {[%clk 0:51:42]} 22. c5 {[%clk 1:23:00]} d5 {[%clk 0:50:43]}
23. Rb7 {[%clk 1:22:34]} Qc8 {[%clk 0:51:08]} 24. Bb5 {[%clk 1:20:33]} Kf8
{[%clk 0:45:32]} 25. Re1 {[%clk 1:20:22]} h4 {[%clk 0:37:34]} 26. Bd4
{[%clk 0:58:58]} h3 {[%clk 0:25:50]} 27. Rxe5 {[%clk 0:52:16]} Bd8
{[%clk 0:24:39]} 28. Qe3 {[%clk 0:51:47]} hxg2 {[%clk 0:18:41]} 29. Ree7
{[%clk 0:50:49]} Rh7 {[%clk 0:18:38]} 30. Bxf6 {[%clk 0:50:18]} gxf6
{[%clk 0:19:01]} 31. Rxf7+ {[%clk 0:50:35]} 1-0

[Event "1SM"]
[Site "Sharjah Chess Club"]
[Date "2017.03.28"]
[Round "6.24"]
[White "Raahul, V S"]
[Black "Safarli, Eltaj"]
[Result "0-1"]
[BlackElo "2680"]
[WhiteElo "2306"]
[LiveChessVersion "1.4.8"]

1. c4 {[%clk 1:40:55]} c5 {[%clk 1:40:06]} 2. Nf3 {[%clk 1:41:12]} Nf6
{[%clk 1:39:47]} 3. Nc3 {[%clk 1:41:27]} e6 {[%clk 1:39:58]} 4. d4
{[%clk 1:41:26]} cxd4 {[%clk 1:40:15]} 5. Nxd4 {[%clk 1:41:51]} d5
{[%clk 1:40:39]} 6. e3 {[%clk 1:41:27]} Nc6 {[%clk 1:40:17]} 7. cxd5
{[%clk 1:37:54]} exd5 {[%clk 1:40:21]} 8. Be2 {[%clk 1:36:27]} Bd6
{[%clk 1:40:03]} 9. O-O {[%clk 1:33:24]} O-O {[%clk 1:37:38]} 10. b3
{[%clk 1:31:19]} Re8 {[%clk 1:31:18]} 11. Bb2 {[%clk 1:28:31]} a6
{[%clk 1:29:56]} 12. Rc1 {[%clk 1:25:51]} Bc7 {[%clk 1:25:27]} 13. Bf3
{[%clk 1:19:47]} Ne5 {[%clk 1:24:08]} 14. Bxd5 {[%clk 1:14:40]} Qd6
{[%clk 1:13:39]} 15. Ne4 {[%clk 0:52:35]} Nxe4 {[%clk 1:11:57]} 16. Bxe4
{[%clk 0:53:04]} Nc6 {[%clk 1:04:15]} 17. Bxh7+ {[%clk 0:49:53]} Kxh7
{[%clk 1:02:34]} 18. Qh5+ {[%clk 0:49:35]} Kg8 {[%clk 1:01:04]} 19. Nxc6
{[%clk 0:47:05]} bxc6 {[%clk 0:47:36]} 20. Rc4 {[%clk 0:37:40]} Re6
{[%clk 0:42:28]} 21. Rd1 {[%clk 0:31:10]} Rh6 {[%clk 0:40:03]} 22. Rxd6
{[%clk 0:31:25]} Rxh5 {[%clk 0:40:29]} 23. Rdxc6 {[%clk 0:31:48]} Bxh2+
{[%clk 0:40:55]} 24. Kf1 {[%clk 0:32:12]} Bd7 {[%clk 0:40:37]} 25. R6c5
{[%clk 0:31:53]} Rxc5 {[%clk 0:40:54]} 26. Rxc5 {[%clk 0:32:21]} Bb5+
{[%clk 0:41:09]} 27. Ke1 {[%clk 0:32:45]} Bd6 {[%clk 0:40:49]} 28. Rg5
{[%clk 0:31:01]} Bb4+ {[%clk 0:38:03]} 29. Kd1 {[%clk 0:29:53]} Rd8+
{[%clk 0:38:26]} 30. Kc1 {[%clk 0:30:11]} Rc8+ {[%clk 0:38:00]} 31. Kd1
{[%clk 0:30:22]} Be2+ {[%clk 0:37:39]} 32. Kxe2 {[%clk 0:30:42]} Rc2+
{[%clk 0:38:06]} 0-1

[Event "1SM"]
[Site "Sharjah Chess Club"]
[Date "2017.03.28"]
[Round "6.25"]
[White "Mamedjarova, Turkan"]
[Black "Salem, A.R. Saleh"]
[Result "0-1"]
[BlackElo "2652"]
[WhiteElo "2267"]
[LiveChessVersion "1.4.8"]

1. d4 {[%clk 1:40:56]} Nf6 {[%clk 1:35:15]} 2. c4 {[%clk 1:41:07]} g6
{[%clk 1:35:32]} 3. Nc3 {[%clk 1:41:18]} Bg7 {[%clk 1:34:25]} 4. Nf3
{[%clk 1:41:22]} O-O {[%clk 1:34:39]} 5. e4 {[%clk 1:41:47]} d6 {[%clk 1:34:55]}
6. Be2 {[%clk 1:42:04]} c5 {[%clk 1:31:26]} 7. d5 {[%clk 1:35:44]} e6
{[%clk 1:31:45]} 8. O-O {[%clk 1:34:25]} Re8 {[%clk 1:32:10]} 9. h3
{[%clk 1:33:41]} exd5 {[%clk 1:20:25]} 10. exd5 {[%clk 1:32:28]} Bf5
{[%clk 1:08:22]} 11. Bd3 {[%clk 1:28:56]} Ne4 {[%clk 1:08:46]} 12. Nxe4
{[%clk 1:25:59]} Bxe4 {[%clk 1:09:14]} 13. Bxe4 {[%clk 1:26:24]} Rxe4
{[%clk 1:09:39]} 14. Re1 {[%clk 1:26:22]} Rxe1+ {[%clk 1:09:08]} 15. Qxe1
{[%clk 1:24:41]} Nd7 {[%clk 1:09:37]} 16. Rb1 {[%clk 1:19:36]} Ne5
{[%clk 0:59:21]} 17. Nxe5 {[%clk 1:01:47]} Bxe5 {[%clk 0:59:31]} 18. Be3
{[%clk 0:59:05]} Qf6 {[%clk 0:54:40]} 19. Qd2 {[%clk 0:56:33]} Qf5
{[%clk 0:48:01]} 20. Rd1 {[%clk 0:52:35]} Re8 {[%clk 0:38:01]} 21. b4
{[%clk 0:47:46]} b6 {[%clk 0:37:08]} 22. bxc5 {[%clk 0:30:28]} bxc5
{[%clk 0:37:31]} 23. Qa5 {[%clk 0:30:00]} Rb8 {[%clk 0:33:49]} 24. Qxa7
{[%clk 0:19:54]} Rb1 {[%clk 0:32:35]} 25. Qa8+ {[%clk 0:18:07]} Kg7
{[%clk 0:32:59]} 26. Qa4 {[%clk 0:18:34]} Qe4 {[%clk 0:24:25]} 27. g3
{[%clk 0:16:28]} Rb4 {[%clk 0:21:29]} 28. Qe8 {[%clk 0:15:00]} Rxc4
{[%clk 0:21:50]} 29. Bg5 {[%clk 0:14:17]} Qf3 {[%clk 0:18:54]} 30. Re1
{[%clk 0:12:51]} Rc2 {[%clk 0:18:09]} 31. Be3 {[%clk 0:11:23]} Rxa2
{[%clk 0:16:16]} 32. Qe7 {[%clk 0:09:53]} Qxd5 {[%clk 0:14:38]} 33. Qg5
{[%clk 0:09:32]} Qe6 {[%clk 0:10:29]} 34. Qh4 {[%clk 0:06:11]} h5
{[%clk 0:10:58]} 35. Qg5 {[%clk 0:04:40]} Ra1 {[%clk 0:09:09]} 36. Rxa1
{[%clk 0:04:46]} Bxa1 {[%clk 0:09:37]} 37. Qd8 {[%clk 0:05:05]} Bf6
{[%clk 0:09:47]} 38. Qb8 {[%clk 0:05:17]} c4 {[%clk 0:10:06]} 39. Bf4
{[%clk 0:05:32]} d5 {[%clk 0:09:47]} 40. Bd6 {[%clk 0:05:53]} c3 {[%clk 0:09:59]}
41. Qf8+ {[%clk 0:06:00]} Kh7 {[%clk 0:10:28]} 42. Bf4 {[%clk 0:06:23]} Bg7
{[%clk 0:10:37]} 0-1

[Event "1SM"]
[Site "Sharjah Chess Club"]
[Date "2017.03.28"]
[Round "6.26"]
[White "Lalith, Babu M R"]
[Black "Yashas, D."]
[Result "1-0"]
[BlackElo "2284"]
[WhiteElo "2593"]
[LiveChessVersion "1.4.8"]

1. d4 {[%clk 1:40:56]} Nf6 {[%clk 1:40:45]} 2. c4 {[%clk 1:41:21]} e6
{[%clk 1:41:00]} 3. g3 {[%clk 1:41:45]} d5 {[%clk 1:39:59]} 4. Bg2
{[%clk 1:42:07]} Be7 {[%clk 1:40:11]} 5. Nf3 {[%clk 1:42:24]} O-O
{[%clk 1:39:56]} 6. O-O {[%clk 1:42:49]} Nbd7 {[%clk 1:37:59]} 7. Qc2
{[%clk 1:38:34]} c6 {[%clk 1:34:30]} 8. Nbd2 {[%clk 1:24:55]} b6 {[%clk 1:33:37]}
9. e4 {[%clk 1:24:14]} Ba6 {[%clk 1:32:15]} 10. e5 {[%clk 1:22:34]} Ne8
{[%clk 1:31:23]} 11. Re1 {[%clk 1:18:55]} Nc7 {[%clk 1:24:10]} 12. b3
{[%clk 1:18:38]} Rc8 {[%clk 1:18:44]} 13. Bb2 {[%clk 1:16:24]} c5
{[%clk 1:13:26]} 14. Rad1 {[%clk 1:11:19]} b5 {[%clk 0:46:36]} 15. dxc5
{[%clk 1:05:37]} Bxc5 {[%clk 0:39:27]} 16. Nd4 {[%clk 0:55:04]} Bb7
{[%clk 0:33:23]} 17. Qb1 {[%clk 0:54:03]} bxc4 {[%clk 0:23:41]} 18. bxc4
{[%clk 0:53:41]} Nb6 {[%clk 0:21:44]} 19. N4b3 {[%clk 0:46:43]} Be7
{[%clk 0:09:30]} 20. Bd4 {[%clk 0:42:40]} Na6 {[%clk 0:04:41]} 21. cxd5
{[%clk 0:42:23]} Nxd5 {[%clk 0:03:36]} 22. Ne4 {[%clk 0:42:37]} Nab4
{[%clk 0:02:32]} 23. Re2 {[%clk 0:31:39]} Ba6 {[%clk 0:01:34]} 24. Red2
{[%clk 0:32:01]} Bc4 {[%clk 0:01:21]} 25. h4 {[%clk 0:29:42]} h6 {[%clk 0:01:24]}
26. Nd6 {[%clk 0:24:22]} Bxd6 {[%clk 0:01:23]} 27. exd6 {[%clk 0:24:48]} Bxb3
{[%clk 0:01:15]} 28. Qxb3 {[%clk 0:24:14]} Qxd6 {[%clk 0:01:16]} 29. Bxa7
{[%clk 0:23:55]} Qa6 {[%clk 0:01:00]} 30. Bd4 {[%clk 0:24:13]} Rfd8
{[%clk 0:00:47]} 31. Ba1 {[%clk 0:23:37]} Qc4 {[%clk 0:00:45]} 32. Qb2
{[%clk 0:22:52]} f6 {[%clk 0:01:13]} 33. Qb1 {[%clk 0:22:33]} Nc6
{[%clk 0:00:57]} 34. Re1 {[%clk 0:17:08]} Re8 {[%clk 0:00:48]} 35. Qd1
{[%clk 0:15:57]} Nde7 {[%clk 0:00:44]} 36. Re4 {[%clk 0:16:10]} Qb5
{[%clk 0:00:49]} 37. Rxe6 {[%clk 0:16:25]} Na5 {[%clk 0:00:42]} 38. Qe1
{[%clk 0:15:45]} Ng6 {[%clk 0:00:45]} 39. Rd5 {[%clk 0:15:55]} Qc6
{[%clk 0:00:49]} 40. Rxe8+ {[%clk 0:12:55]} Qxe8 {[%clk 0:00:58]} 41. Qxa5
{[%clk 0:13:04]} 1-0

[Event "1SM"]
[Site "Sharjah Chess Club"]
[Date "2017.03.28"]
[Round "6.27"]
[White "Karthikeyan, P."]
[Black "Ashwath, R."]
[Result "1/2-1/2"]
[BlackElo "2242"]
[WhiteElo "2507"]
[LiveChessVersion "1.4.8"]

1. d4 {[%clk 1:40:55]} d5 {[%clk 1:40:40]} 2. c4 {[%clk 1:41:10]} e6
{[%clk 1:41:05]} 3. Nf3 {[%clk 1:41:24]} Nf6 {[%clk 1:41:22]} 4. g3
{[%clk 1:41:45]} dxc4 {[%clk 1:41:11]} 5. Bg2 {[%clk 1:42:07]} c5
{[%clk 1:41:30]} 6. O-O {[%clk 1:41:17]} Nc6 {[%clk 1:41:43]} 7. Qa4
{[%clk 1:40:35]} Bd7 {[%clk 1:41:22]} 8. dxc5 {[%clk 1:40:27]} Na5
{[%clk 1:31:05]} 9. Qa3 {[%clk 1:40:39]} Rc8 {[%clk 1:17:30]} 10. b4
{[%clk 1:37:26]} cxb3 {[%clk 1:14:36]} 11. axb3 {[%clk 1:37:47]} b6
{[%clk 1:13:53]} 12. b4 {[%clk 1:19:59]} Nc6 {[%clk 1:13:45]} 13. Qb2
{[%clk 1:12:14]} bxc5 {[%clk 1:11:00]} 14. b5 {[%clk 1:09:26]} Nd4
{[%clk 0:59:59]} 15. Ne5 {[%clk 1:01:25]} Bd6 {[%clk 0:53:39]} 16. Bf4
{[%clk 0:52:57]} Bxb5 {[%clk 0:45:26]} 17. Nc3 {[%clk 0:51:09]} Bxe5
{[%clk 0:45:07]} 18. Bxe5 {[%clk 0:51:18]} Bc6 {[%clk 0:45:23]} 19. Rxa7 1/2-1/2